000 00592nam a2200181Ia 4500
008 100122s9999 xx 000 0 und d
082 _b17488
_a823
100 _aदत्त प्रफुल्ल
245 _aमुक्ता आणि मीना
250 _a0
260 _bअभय प्रकाशन
_c1971
300 _a112
520 _aमाळयावर गठ्ठा- 5
620 _aमाळयावर गठ्ठा- 5
630 _aमुक्ता आणि मीना
730 _aमुक्ता आणि मीना
942 _cBOOK
999 _c407181
_d407178